[Event "Crema op 12th"]
[Site "Crema "]
[Date "2010.09.05"]
[Round "3"]
[White "Astengo, Marcello"]
[Black "Everet, Alexandro"]
[Result "1/2-1/2"]
[WhiteElo "2064"]
[BlackElo "2246"]
[PlyCount "111"]
[EventDate "2010.09.05"]
[EventType "swiss"]
[EventRounds "6"]
[EventCountry "ITA"]
[SourceTitle "EXT 2012"]
[Source "ChessBase"]
[SourceDate "2011.11.24"]
[SourceVersion "1"]
[SourceVersionDate "2011.11.24"]
[SourceQuality "1"]

1. d4 Nf6 2. c4 d6 3. Nc3 Bf5 4. f3 h6 5. e4 Bh7 6. Bd3 Nbd7 7. Nge2 e5 8. d5 g5 9. Be3 Bg7 10. Qd2 Bg6 11. 0-0-0 a6 12. Kb1 Nc5 13. Bc2 Rb8 14. Nc1 0-0 15. h4 gxh4 16. Qf2 b5 17. Rxh4 bxc4 18. Rdh1 Nfd7 19. Bxh6 Bxh6 20. Rxh6 Qg5 21. g3 Nf6 22. f4 Qg4 23. Qe3 Nh5 24. R1xh5 Bxh5 25. Bd1 exf4 26. gxf4 Rxb2+ 27. Ka1 Qg7 28. Rxh5 Rg2 29. N1e2 Re8 30. Nd4 Rg3 31. Qxg3 Qxg3 32. Rg5+ Qxg5 33. fxg5 Nxe4 34. Kb2 Nxg5 35. Be2 Re5 36. Bxc4 f5 37. Bxa6 f4 38. a4 f3 39. a5 f2 40. Nc6 Re1 41. Bc4 Nf3 42. a6 Nd2 43. Bb5 Re8 44. a7 Ra8 45. Ka3 Kg7 46. Kb4 Kf6 47. Bd3 Kg5 48. Nb5 Kf4 49. Nxc7 Ke3 50. Ba6 Rxa7 51. Nxa7 f1Q 52. Bxf1 Nxf1 53. Nab5 Kd3 54. Nxd6 Ne3 55. Nf7 Nxd5+ 56. Nxd5 1/2-1/2

[Event "Crema op 12th"]
[Site "Crema "]
[Date "2010.09.05"]
[Round "1"]
[White "Cecchini, Massimo S"]
[Black "Everet, Alexandro"]
[Result "0-1"]
[WhiteElo "1805"]
[BlackElo "2246"]
[PlyCount "72"]
[EventDate "2010.09.05"]
[EventType "swiss"]
[EventRounds "6"]
[EventCountry "ITA"]
[SourceTitle "EXT 2012"]
[Source "ChessBase"]
[SourceDate "2011.11.24"]
[SourceVersion "1"]
[SourceVersionDate "2011.11.24"]
[SourceQuality "1"]

1. Nf3 g6 2. c4 Bg7 3. d4 Nf6 4. Nc3 0-0 5. e4 d6 6. Be2 Nc6 7. 0-0 h5 8. a4 Bg4 9. Be3 Nd7 10. Ne1 e5 11. d5 Bxe2 12. Nxe2 Nb4 13. Nd3 Nxd3 14. Qxd3 a5 15. Nc3 f5 16. f3 f4 17. Bf2 b6 18. Kh1 g5 19. h3 Nf6 20. Rae1 Qd7 21. Qd1 g4 22. fxg4 hxg4 23. Bh4 gxh3 24. Bxf6 Rxf6 25. g4 fxg3 26. Rxf6 Bxf6 27. Qh5 Kg7 28. Re3 g2+ 29. Kh2 Rh8 30. Rg3+ Kf8 31. Qg6 Qf7 32. Qf5 Ke7 33. Nb5 Bh4 34. Rxh3 Qxf5 35. exf5 Rg8 36. f6+ Kf7 0-1

[Event "Bratto op 21st"]
[Site "Bratto"]
[Date "2001.08.27"]
[Round "6"]
[White "Griffa, Roberto"]
[Black "Everet, Alexandro"]
[Result "1/2-1/2"]
[WhiteElo "2082"]
[BlackElo "2308"]
[PlyCount "185"]
[EventDate "2001.08.22"]
[EventType "swiss"]
[EventRounds "9"]
[EventCountry "ITA"]
[SourceTitle "EXT 2002"]
[Source "ChessBase"]
[SourceDate "2001.11.25"]
[SourceVersion "1"]
[SourceVersionDate "2001.11.25"]
[SourceQuality "1"]

1. d4 g6 2. c4 Bg7 3. Nc3 c5 4. d5 b6 5. e4 e5 6. Nge2 d6 7. Ng3 Ne7 8. Be2 f5 9. exf5 Bxf5 10. Bg5 0-0 11. Qd2 Na6 12. Nge4 Qd7 13. g4 Bxe4 14. Nxe4 Nc7 15. h4 Rf7 16. h5 gxh5 17. Bxe7 Qxe7 18. Rxh5 Rf4 19. f3 Raf8 20. 0-0-0 Ne8 21. g5 Qf7 22. Rdh1 Rxf3 23. Bxf3 Qxf3 24. Qc2 Qe3+ 25. Nd2 Rf2 26. R5h3 Qxg5 27. Qxh7+ Kf8 28. Rd1 Nf6 29. Qh4 Qg2 30. Rg3 Qh2 31. Qxh2 Rxh2 32. Rf1 Kf7 33. Ne4 Bh6+ 34. Kb1 Bf4 35. Nxd6+ Ke7 36. Nf5+ Kf8 37. Rgf3 Ne4 38. Rxf4 exf4 39. Rxf4 Nd2+ 40. Kc1 Ke8 41. Ng3 Rg2 42. Nf5 Rh2 43. Nd6+ Kd7 44. Nb5 a6 45. Nc3 Kc7 46. Kd1 Kd6 47. Ne2 Nxc4 48. Rxc4 Kxd5 49. Ra4 a5 50. Nc3+ Kc6 51. Ne2 Kb5 52. b3 Ka6 53. Rg4 Rh1+ 54. Kd2 Rh6 55. Rg5 Rc6 56. Nc3 c4 57. bxc4 Rxc4 58. Kd3 Rh4 59. a4 Rh3+ 60. Kc4 Rh4+ 61. Kb3 Rb4+ 62. Kc2 Rh4 63. Rg7 Rh6 64. Nb5 Rh2+ 65. Kd3 Rd2+ 66. Kc4 Rc2+ 67. Nc3 Rb2 68. Rg6 Rb4+ 69. Kd5 Rb3 70. Rg3 Ra3 71. Re3 Ra1 72. Re2 Rh1 73. Rb2 Rh5+ 74. Kc4 Rh4+ 75. Kb3 Rb4+ 76. Ka3 Rc4 77. Nd5 Rc6 78. Rb5 Rh6 79. Rb3 Rd6 80. Nc7+ Kb7 81. Nb5 Rd1 82. Nc3 Rd3 83. Ne4 Rd5 84. Nf2 Ka6 85. Nd3 Rh5 86. Nf4 Rh1 87. Nd5 Ra1+ 88. Kb2 Rxa4 89. Rxb6+ Ka7 90. Rb5 Ka6 91. Rb6+ Ka7 92. Rb5 Ka6 93. Rb6+ 1/2-1/2

[Event "EU-ch 1st"]
[Site "Saint Vincent"]
[Date "2000.07.11"]
[Round "8"]
[White "Everet, Alexandro"]
[Black "Sax, Gyula"]
[Result "0-1"]
[WhiteElo "2348"]
[BlackElo "2563"]
[PlyCount "66"]
[EventDate "2000.07.03"]
[EventType "swiss"]
[EventRounds "11"]
[EventCountry "ITA"]
[SourceTitle "CBM 078"]
[Source "ChessBase"]
[SourceDate "2000.10.18"]
[SourceVersion "1"]
[SourceVersionDate "2000.10.18"]
[SourceQuality "1"]

1. g3 d5 2. Bg2 e5 3. d3 c6 4. e4 Nf6 5. Bg5 Nbd7 6. Ne2 Qb6 7. 0-0 dxe4 8. dxe4 Qxb2 9. Nd2 h6 10. Bxf6 Nxf6 11. Nb3 Qa3 12. Qd3 Be6 13. Qc3 Nd7 14. Kh1 Qb4 15. Qb2 Qa3 16. Qc3 Bb4 17. Qe3 Bc5 18. Qc3 Qb4 19. Qb2 Bc4 20. Rfd1 0-0-0 21. c3 Qb5 22. Ng1 Nf6 23. Rxd8+ Rxd8 24. Rb1 Bb6 25. Re1 Ng4 26. Bh3 f5 27. Kg2 Kb8 28. f3 Ne3+ 29. Kh1 Nd1 30. Qc2 Nf2+ 31. Kg2 fxe4 32. fxe4 Bd3 33. c4 Qb4 0-1

[Event "EU-ch 1st"]
[Site "Saint Vincent"]
[Date "2000.07.03"]
[Round "1"]
[White "Everet, Alexandro"]
[Black "Malakhov, Vladimir"]
[Result "0-1"]
[WhiteElo "2348"]
[BlackElo "2605"]
[PlyCount "134"]
[EventDate "2000.07.03"]
[EventType "swiss"]
[EventRounds "11"]
[EventCountry "ITA"]
[SourceTitle "CBM 078"]
[Source "ChessBase"]
[SourceDate "2000.10.18"]
[SourceVersion "1"]
[SourceVersionDate "2000.10.18"]
[SourceQuality "1"]

1. d4 d5 2. c4 e6 3. Nc3 c6 4. cxd5 exd5 5. Bf4 Bf5 6. e3 Qb6 7. Qd2 Nf6 8. Nge2 Nbd7 9. Ng3 Bg6 10. Be2 Be7 11. 0-0 0-0 12. a3 a5 13. Bd3 Bxd3 14. Qxd3 g6 15. Rfc1 a4 16. Qc2 Qa7 17. b4 axb3 18. Qxb3 b5 19. a4 b4 20. Nd1 c5 21. dxc5 Nxc5 22. Qb1 Qa5 23. Ne2 Nfe4 24. Nd4 b3 25. Nb2 Bf6 26. Re1 Qb4 27. Nd3 Nxd3 28. Qxd3 b2 29. Rab1 Rxa4 30. f3 Nc5 31. Qc2 Ra1 32. Bg3 Ne6 33. Nc6 Qc3 34. Qxc3 Bxc3 35. Be5 Bxe5 36. Nxe5 Rxb1 37. Rxb1 Rb8 38. Kf2 Nc5 39. Ke2 Rb3 40. Ng4 Kg7 41. Nf2 Kf6 42. Nd1 Na4 43. Kd2 Ke5 44. Kc2 Ra3 45. Nxb2 Nxb2 46. Rxb2 Rxe3 47. Kd2 Ra3 48. Ke2 h5 49. g3 f5 50. Rd2 g5 51. Kf2 d4 52. Rb2 Ra5 53. Ke2 f4 54. Rb8 Ra2+ 55. Kd3 Ra3+ 56. Ke2 Re3+ 57. Kf2 Kd5 58. gxf4 gxf4 59. h4 d3 60. Rd8+ Kc4 61. Rc8+ Kb3 62. Rb8+ Kc2 63. Rc8+ Kd2 64. Rc5 Re2+ 65. Kf1 Ke3 66. Rxh5 d2 67. Re5+ Kxf3 0-1

[Event "Ceriano Laghetto op"]
[Site "Ceriano Laghetto"]
[Date "2000.02.13"]
[Round "6"]
[White "Everet, Alexandro"]
[Black "Qendro, Llambi"]
[Result "0-1"]
[WhiteElo "2357"]
[BlackElo "2350"]
[PlyCount "102"]
[EventDate "2000.02.??"]
[EventType "swiss"]
[EventRounds "6"]
[EventCountry "ITA"]
[SourceTitle "EXT 2005"]
[Source "ChessBase"]
[SourceDate "2004.11.15"]
[SourceVersion "1"]
[SourceVersionDate "2004.11.15"]
[SourceQuality "1"]

1. d4 g6 2. c4 Bg7 3. Nc3 d6 4. Nf3 Bg4 5. e3 Nc6 6. Be2 e5 7. 0-0 exd4 8. exd4 Nge7 9. d5 Bxf3 10. Bxf3 Ne5 11. Qa4+ Qd7 12. Qxd7+ Kxd7 13. Be2 f5 14. f4 Ng4 15. Bd2 Bd4+ 16. Kh1 Nf2+ 17. Rxf2 Bxf2 18. g3 Bd4 19. Kg2 Rhe8 20. Bd3 Ng8 21. Rb1 Be3 22. Be1 Nf6 23. h3 Re7 24. Ne2 Rae8 25. Kf1 Ne4 26. Rd1 Nc5 27. Bc2 Bf2 28. Bxf2 Rxe2 29. Rc1 Rd2 30. Be1 Rh2 31. Bf2 Rh1+ 32. Bg1 Re3 33. Kf2 Nd3+ 34. Kxe3 Nxc1 35. Kf2 Ne2 36. Kxe2 Rxg1 37. Kf3 Ra1 38. g4 fxg4+ 39. hxg4 Ke7 40. f5 Kf6 41. fxg6 hxg6 42. Bb3 Kg5 43. a3 Rf1+ 44. Kg2 Rb1 45. Kg3 Rxb2 46. Bd1 Rd2 47. Ba4 Rd3+ 48. Kf2 Rxa3 49. Bd7 Rc3 50. Bc8 b6 51. Be6 a5 0-1

[Event "Ceriano Laghetto op"]
[Site "Ceriano Laghetto"]
[Date "2000.02.05"]
[Round "1"]
[White "Tramalloni, Luca"]
[Black "Everet, Alexandro"]
[Result "0-1"]
[WhiteElo "2061"]
[BlackElo "2357"]
[PlyCount "34"]
[EventDate "2000.02.??"]
[EventType "swiss"]
[EventRounds "6"]
[EventCountry "ITA"]
[SourceTitle "EXT 2005"]
[Source "ChessBase"]
[SourceDate "2004.11.15"]
[SourceVersion "1"]
[SourceVersionDate "2004.11.15"]
[SourceQuality "1"]

1. d4 Nf6 2. c4 g6 3. Nc3 Bg7 4. e4 d6 5. Be2 0-0 6. Bg5 h6 7. Be3 Kh8 8. Qd2 Ng8 9. h4 e6 10. 0-0-0 c6 11. Nh3 Bd7 12. g4 b5 13. g5 h5 14. cxb5 cxb5 15. Bd3 e5 16. Ne2 Bxh3 17. Bxb5 Bg2 0-1

[Event "Corsico op"]
[Site "Corsico"]
[Date "2000.??.??"]
[Round "2"]
[White "Bemporad, Filippo"]
[Black "Everet, Alexandro"]
[Result "1-0"]
[WhiteElo "2110"]
[BlackElo "2357"]
[PlyCount "149"]
[EventDate "2000.??.??"]
[EventType "swiss"]
[EventRounds "6"]
[EventCountry "ITA"]
[SourceTitle "EXT 2001"]
[Source "ChessBase"]
[SourceDate "2000.11.22"]
[SourceVersion "1"]
[SourceVersionDate "2000.11.22"]
[SourceQuality "1"]

1. d4 Nf6 2. Nf3 g6 3. c4 Bg7 4. Nc3 0-0 5. e4 d6 6. Be2 Bg4 7. 0-0 Nc6 8. Be3 Nd7 9. d5 Bxf3 10. Bxf3 Nce5 11. Be2 Nb6 12. Bd4 c5 13. dxc6 bxc6 14. f4 c5 15. Bxe5 dxe5 16. f5 Rb8 17. Qc1 gxf5 18. Rd1 Qc8 19. Qg5 e6 20. Rd3 f6 21. Qh5 Qe8 22. Qh3 fxe4 23. Nxe4 f5 24. Nxc5 Qe7 25. b4 e4 26. Rg3 Kh8 27. Rd1 Rbd8 28. Rc1 Rd2 29. Qh5 Rg8 30. Kf1 Bf6 31. Rxg8+ Kxg8 32. a4 Kg7 33. Qh3 Kh8 34. Qe3 Rd4 35. Qf4 Rd8 36. a5 Nc8 37. Rd1 Nd6 38. Nb3 e5 39. Qd2 Qg7 40. Qc2 Rg8 41. Rxd6 Qxg2+ 42. Ke1 e3 43. Qxf5 Bg7 44. Kd1 Qg1+ 45. Qf1 Qxh2 46. Rd7 e4 47. Rd5 Rf8 48. Rf5 Qd6+ 49. Kc2 Rb8 50. c5 Qd7 51. b5 a6 52. Qh3 Qe7 53. Qg3 Rd8 54. Qg5 Qe8 55. Rd5 Rb8 56. b6 h6 57. Qxe3 Qa4 58. Kb1 Qa3 59. Rd2 Qa4 60. Bd1 Rf8 61. Ra2 Qc6 62. Rd2 Qf6 63. Qxe4 Qc3 64. Qd3 Qf6 65. Qd6 Qf5+ 66. Ka2 Be5 67. Qxh6+ Kg8 68. Rg2+ Kf7 69. Qh5+ Qxh5 70. Bxh5+ Ke6 71. c6 Rf4 72. c7 Ra4+ 73. Kb1 Rc4 74. Rc2 Rf4 75. c8Q+ 1-0

[Event "Bratto op 20th"]
[Site "Bratto"]
[Date "2000.??.??"]
[Round "8"]
[White "Mariano, Elia"]
[Black "Everet, Alexandro"]
[Result "1/2-1/2"]
[WhiteElo "2093"]
[BlackElo "2348"]
[PlyCount "93"]
[EventDate "2000.08.25"]
[EventType "swiss"]
[EventRounds "9"]
[EventCountry "ITA"]
[SourceTitle "EXT 2002"]
[Source "ChessBase"]
[SourceDate "2001.11.25"]
[SourceVersion "1"]
[SourceVersionDate "2001.11.25"]
[SourceQuality "1"]

1. d4 d5 2. c4 e6 3. Nc3 Nf6 4. cxd5 exd5 5. Bg5 Be7 6. e3 0-0 7. Bd3 h6 8. Bh4 c6 9. Nge2 Nbd7 10. Qc2 Kh8 11. 0-0 Nh5 12. Bxe7 Qxe7 13. Rab1 Nb6 14. b4 Be6 15. b5 f5 16. bxc6 bxc6 17. Ng3 Nxg3 18. hxg3 c5 19. dxc5 Qxc5 20. Ne2 Qd6 21. Nd4 Rac8 22. Qe2 g6 23. Nb5 Qd7 24. Nxa7 Qxa7 25. Qb2+ Kg8 26. Qxb6 Qxb6 27. Rxb6 Bf7 28. a4 Rfd8 29. g4 d4 30. gxf5 dxe3 31. fxg6 Be8 32. Ba6 exf2+ 33. Rxf2 Rc1+ 34. Kh2 Bxa4 35. Rf4 Bc6 36. Rf6 Bd5 37. Rfd6 Rxd6 38. Rxd6 Be4 39. Re6 Bd5 40. Rd6 Be4 41. Re6 Bd5 42. Rd6 Be4 43. Re6 Bd5 44. Rd6 Be4 45. Re6 Bd5 46. Rd6 Be4 47. Re6 1/2-1/2

[Event "Groningen op"]
[Site "Groningen"]
[Date "1999.12.30"]
[Round "11"]
[White "Everet, Alexandro"]
[Black "Hendriks, Willy"]
[Result "0-1"]
[WhiteElo "2294"]
[BlackElo "2378"]
[PlyCount "38"]
[EventDate "1999.12.19"]
[EventType "swiss"]
[EventRounds "11"]
[EventCountry "NED"]
[SourceTitle "CBM 073 Extra"]
[Source "ChessBase"]
[SourceDate "2000.01.11"]
[SourceVersion "1"]
[SourceVersionDate "2000.01.11"]
[SourceQuality "1"]

1. d4 Nf6 2. c4 c5 3. Nf3 cxd4 4. Nxd4 e5 5. Nb5 d5 6. cxd5 Bc5 7. e3 0-0 8. N5c3 e4 9. Bc4 Nbd7 10. Qc2 Ne5 11. Nd2 Bf5 12. Ncxe4 Nxe4 13. Nxe4 Qh4 14. g4 Bb4+ 15. Bd2 Nf3+ 16. Kd1 Nxd2 17. gxf5 Nxe4 18. Rf1 Rac8 19. Rc1 Nd2 0-1

[Event "Groningen op"]
[Site "Groningen"]
[Date "1999.12.29"]
[Round "10"]
[White "Timoshenko, Georgy"]
[Black "Everet, Alexandro"]
[Result "1/2-1/2"]
[WhiteElo "2576"]
[BlackElo "2294"]
[PlyCount "135"]
[EventDate "1999.12.19"]
[EventType "swiss"]
[EventRounds "11"]
[EventCountry "NED"]
[SourceTitle "CBM 073 Extra"]
[Source "ChessBase"]
[SourceDate "2000.01.11"]
[SourceVersion "1"]
[SourceVersionDate "2000.01.11"]
[SourceQuality "1"]

1. e4 g6 2. d4 Bg7 3. Nc3 d6 4. Nge2 c6 5. a4 e5 6. dxe5 dxe5 7. Qxd8+ Kxd8 8. Be3 Be6 9. a5 Nd7 10. Nc1 Bh6 11. Kd2 Bxe3+ 12. Kxe3 Kc7 13. Nd3 Ne7 14. f4 f6 15. g3 Nc8 16. b3 Nd6 17. Bg2 Rhe8 18. Rhf1 exf4+ 19. gxf4 Bf5 20. Kd4 Rad8 21. Rae1 Nb8 22. Ke3 Nxe4 23. Nxe4 Bxe4 24. Bxe4 f5 25. Kf3 fxe4+ 26. Rxe4 Rxe4 27. Kxe4 Re8+ 28. Kf3 Nd7 29. h4 Nf6 30. Rg1 Kd6 31. Rg5 Rf8 32. Re5 Nd5 33. c4 Nf6 34. b4 Rf7 35. Re2 Nh5 36. Re4 b6 37. a6 c5 38. b5 Ng7 39. Ne5 Rc7 40. Kg4 Ne6 41. Nf3 Rf7 42. Ne5 Rf8 43. Nd3 Rf5 44. Kg3 Rf8 45. Ne5 Nd4 46. Kg4 Rf5 47. Nf3 Nxf3 48. Kxf3 Kd7 49. Kg4 h6 50. Re1 Rh5 51. Re3 Rf5 52. Re2 Rh5 53. Kg3 Rf5 54. Re1 Rh5 55. Kg4 Rf5 56. Re2 Rh5 57. Rg2 Ke7 58. Rg3 Rf5 59. Rf3 Kd7 60. Rf1 Ke7 61. Rf2 Kd7 62. Re2 Rh5 63. Rg2 Ke7 64. Kf3 Kf7 65. Rd2 Ke7 66. Re2+ Kf7 67. Kg3 Rf5 68. Rd2 1/2-1/2

[Event "Groningen op"]
[Site "Groningen"]
[Date "1999.12.28"]
[Round "9"]
[White "Gyimesi, Zoltan"]
[Black "Everet, Alexandro"]
[Result "1-0"]
[WhiteElo "2531"]
[BlackElo "2294"]
[PlyCount "83"]
[EventDate "1999.12.19"]
[EventType "swiss"]
[EventRounds "11"]
[EventCountry "NED"]
[SourceTitle "CBM 073 Extra"]
[Source "ChessBase"]
[SourceDate "2000.01.11"]
[SourceVersion "1"]
[SourceVersionDate "2000.01.11"]
[SourceQuality "1"]

1. d4 Nf6 2. c4 g6 3. Nc3 Bg7 4. e4 d6 5. h3 0-0 6. Bg5 c6 7. Nf3 Qc7 8. Be2 e5 9. d5 Na6 10. Nd2 Ne8 11. g4 f5 12. gxf5 gxf5 13. exf5 Bxf5 14. Nde4 Kh8 15. Bg4 cxd5 16. cxd5 Nc5 17. Nxc5 Qxc5 18. Be3 Qb4 19. Qb3 Qxb3 20. axb3 a6 21. Kd2 Bg6 22. b4 Nf6 23. Be6 Bf7 24. Bxf7 Rxf7 25. b5 h5 26. Ra5 Rb8 27. bxa6 bxa6 28. Rb1 Rfb7 29. Rxa6 Rxb2+ 30. Rxb2 Rxb2+ 31. Kc1 Rb7 32. Rxd6 Rc7 33. Kd2 Kg8 34. f3 Rc4 35. Rc6 Rh4 36. d6 Rxh3 37. Ne4 Rh2+ 38. Kd3 Nd5 39. Rc8+ Bf8 40. d7 Nb4+ 41. Kc4 Rc2+ 42. Nc3 1-0

[Event "Groningen op"]
[Site "Groningen"]
[Date "1999.12.24"]
[Round "6"]
[White "Burnett, Ronald"]
[Black "Everet, Alexandro"]
[Result "1/2-1/2"]
[WhiteElo "2423"]
[BlackElo "2294"]
[PlyCount "149"]
[EventDate "1999.12.19"]
[EventType "swiss"]
[EventRounds "11"]
[EventCountry "NED"]
[SourceTitle "CBM 073 Extra"]
[Source "ChessBase"]
[SourceDate "2000.01.11"]
[SourceVersion "1"]
[SourceVersionDate "2000.01.11"]
[SourceQuality "1"]

1. e4 d6 2. d4 Nf6 3. Nc3 g6 4. h3 Bg7 5. Nf3 c6 6. a4 0-0 7. Be3 Re8 8. a5 Qc7 9. Bc4 e6 10. Bb3 Nbd7 11. 0-0 Nf8 12. Qd2 e5 13. dxe5 dxe5 14. Bc5 Nh5 15. Bd6 Qd8 16. Rfd1 Qf6 17. Qg5 Qxg5 18. Nxg5 Ne6 19. Bxe6 Bxe6 20. Nxe6 Rxe6 21. Na4 Bf8 22. Bxf8 Kxf8 23. Nc5 Re7 24. Ra3 Ke8 25. Rb3 Rb8 26. Rd6 Nf4 27. Kf1 Ne6 28. Nxe6 Rxe6 29. Rxe6+ fxe6 30. Ke2 Ke7 31. Kd3 b5 32. axb6 axb6 33. Kc4 Rb7 34. h4 Kd6 35. Rd3+ Ke7 36. Rg3 Rd7 37. h5 Rd4+ 38. Kc3 gxh5 39. Rg5 Rxe4 40. Rxh5 Rf4 41. Rxh7+ Kd6 42. f3 e4 43. fxe4 Rxe4 44. Rg7 Re2 45. Kd3 Rf2 46. b3 b5 47. g4 Rg2 48. g5 Ke5 49. Rg8 Rg3+ 50. Kd2 Kf5 51. Rc8 Rxg5 52. Rxc6 b4 53. Rc8 e5 54. Rf8+ Ke6 55. Rb8 Rg2+ 56. Kd3 Rg3+ 57. Kc4 Rc3+ 58. Kxb4 Rxc2 59. Ka5 e4 60. b4 Kd7 61. Rg8 e3 62. Rg7+ Kd6 63. Rg3 Re2 64. Kb6 Re1 65. b5 e2 66. Rg2 Kd5 67. Kb7 Kd4 68. b6 Ke3 69. Kb8 Rc1 70. Rxe2+ Kxe2 71. b7 Kd3 72. Ka7 Ra1+ 73. Kb6 Rb1+ 74. Kc7 Rxb7+ 75. Kxb7 1/2-1/2

[Event "Corsico Magistrale op 19th"]
[Site "Corsico"]
[Date "1999.10.09"]
[Round "4"]
[White "Everet, Alexandro"]
[Black "Barlocco, Carlo"]
[Result "1-0"]
[WhiteElo "2230"]
[BlackElo "2068"]
[PlyCount "135"]
[EventDate "1999.10.02"]
[EventType "swiss"]
[EventRounds "6"]
[EventCountry "ITA"]
[SourceTitle "EXT 2001"]
[Source "ChessBase"]
[SourceDate "2000.11.22"]
[SourceVersion "1"]
[SourceVersionDate "2000.11.22"]
[SourceQuality "1"]

1. d4 d5 2. c4 Bf5 3. Nc3 e6 4. Qb3 Nc6 5. cxd5 exd5 6. Nf3 Nf6 7. Bg5 Bb4 8. e3 0-0 9. Bb5 Bxc3+ 10. Qxc3 Ne4 11. Bxd8 Nxc3 12. Bxc6 Rfxd8 13. Bxb7 Rab8 14. bxc3 Rxb7 15. Ne5 Rd6 16. g4 Be4 17. f3 Bc2 18. 0-0 h6 19. Rf2 Bh7 20. Rd1 f6 21. Nd3 Bxd3 22. Rxd3 Rb1+ 23. Kg2 Rc1 24. e4 Rc6 25. exd5 R6xc3 26. Rxc3 Rxc3 27. Rb2 Kf8 28. d6 cxd6 29. Rb8+ Ke7 30. Rb7+ Ke6 31. Rxa7 g5 32. Kf2 Rd3 33. Ra4 Kd5 34. Ke2 Rc3 35. h3 Rc1 36. Kd3 Rd1+ 37. Kc3 Rc1+ 38. Kb3 Re1 39. Ra5+ Kxd4 40. Rf5 Re5 41. Kb4 d5 42. Kb5 Re6 43. a4 Ke3 44. Kc5 Ra6 45. Kxd5 Kf2 46. a5 Rxa5+ 47. Ke6 Ra6+ 48. Kf7 Ra3 49. Rxf6 Kg3 50. Rxh6 Kxf3 51. Kg6 Kf4 52. Rh8 Ra6+ 53. Kh5 Kg3 54. Kxg5 Ra5+ 55. Kh6 Kxh3 56. g5 Kg4 57. g6 Rh5+ 58. Kg7 Ra5 59. Rh1 Kg5 60. Rg1+ Kf5 61. Kh6 Ra2 62. Rf1+ Ke6 63. g7 Rh2+ 64. Kg6 Rg2+ 65. Kh7 Rh2+ 66. Kg8 Ra2 67. Rh1 Kf6 68. Kh7 1-0

[Event "Vanzaghello op"]
[Site "Vanzaghello"]
[Date "1999.09.25"]
[Round "3"]
[White "Everet, Alexandro"]
[Black "Barlocco, Carlo"]
[Result "1-0"]
[WhiteElo "2294"]
[BlackElo "2161"]
[PlyCount "105"]
[EventDate "1999.09.??"]
[EventType "swiss"]
[EventRounds "9"]
[EventCountry "ITA"]
[SourceTitle "EXT 2005"]
[Source "ChessBase"]
[SourceDate "2004.11.15"]
[SourceVersion "1"]
[SourceVersionDate "2004.11.15"]
[SourceQuality "1"]

1. d4 d5 2. c4 c6 3. Nf3 Nf6 4. e3 e6 5. a3 Nbd7 6. Nc3 Bd6 7. Bd2 0-0 8. Qc2 e5 9. cxd5 cxd5 10. Nb5 Bb8 11. Bb4 Re8 12. Rc1 e4 13. Nd2 Nf8 14. Bxf8 Kxf8 15. Qc5+ Kg8 16. Nc7 Bxc7 17. Qxc7 Qxc7 18. Rxc7 Kf8 19. Be2 Re7 20. Rc3 Bg4 21. Bxg4 Nxg4 22. Ke2 Ke8 23. Rhc1 Kd8 24. f3 Nf6 25. fxe4 dxe4 26. Rc5 b6 27. Rc6 Rb8 28. Nc4 Ne8 29. b4 Rbb7 30. Rc8+ Kd7 31. Ne5+ Rxe5 32. dxe5 Nc7 33. Rh8 h6 34. Rc4 Ne6 35. Rxe4 Rc7 36. Kd2 b5 37. Rb8 Kc6 38. a4 bxa4 39. b5+ Kd5 40. Rxa4 Nc5 41. Rd8+ Kxe5 42. Re8+ Ne6 43. Ra8 Nc5 44. R4xa7 Nb3+ 45. Ke1 Rc1+ 46. Kf2 Rc2+ 47. Kg3 Nd2 48. Re8+ Kf6 49. b6 Nf1+ 50. Kh3 Rc4 51. b7 g5 52. g4 Rc2 53. b8Q 1-0

[Event "Montecatini Terme op 8th"]
[Site "Montecatini Terme"]
[Date "1999.08.03"]
[Round "4"]
[White "Arlandi, Ennio"]
[Black "Everet, Alexandro"]
[Result "0-1"]
[WhiteElo "2465"]
[BlackElo "2294"]
[PlyCount "142"]
[EventDate "1999.07.31"]
[EventType "swiss"]
[EventRounds "9"]
[EventCountry "ITA"]
[SourceTitle "EXT 2000"]
[Source "ChessBase"]
[SourceDate "1999.11.16"]
[SourceVersion "1"]
[SourceVersionDate "1999.11.16"]
[SourceQuality "1"]

1. d4 Nf6 2. c4 c6 3. Nc3 d5 4. e3 g6 5. Nf3 Bg7 6. Be2 0-0 7. 0-0 h6 8. cxd5 Nxd5 9. e4 Nb6 10. h3 Be6 11. Bf4 Bc4 12. Bxc4 Nxc4 13. Qb3 Na5 14. Qc2 g5 15. Be3 Nc4 16. e5 Nxe3 17. fxe3 Nd7 18. Ne4 f5 19. exf6 exf6 20. Nd6 Qe7 21. Qb3+ Kh8 22. Nf5 Qe4 23. Nd2 Qd5 24. Qxb7 Rab8 25. Qxa7 Rxb2 26. e4 Qe6 27. Rf2 Rfb8 28. Qc7 Bf8 29. a3 Ra8 30. Rc1 Rxa3 31. Rxc6 Ra7 32. Rxe6 Rxc7 33. Ne3 Rb4 34. Nf3 h5 35. Nd5 Rc1+ 36. Rf1 Rxf1+ 37. Kxf1 Rb1+ 38. Kf2 Rb2+ 39. Kf1 Kg7 40. Ra6 Rb7 41. Ke2 Kf7 42. Nd2 Be7 43. Nc4 Bf8 44. Nce3 Rb2+ 45. Kd3 Rb3+ 46. Kc4 Rb1 47. Ra7 Rc1+ 48. Kb5 Ke8 49. Ra4 Bd6 50. Nc4 Bg3 51. Ra8+ Kf7 52. Ra7 Ke8 53. Nde3 Bf4 54. Nf5 Bb8 55. Ra4 Nf8 56. d5 Nd7 57. d6 Kf7 58. Rb4 Ke6 59. Nd4+ Kf7 60. Nc6 Rd1 61. Nxb8 Nxb8 62. Kb6 Ke6 63. Ra4 Nd7+ 64. Kc7 Rc1 65. Kd8 Nc5 66. Rb4 Ra1 67. Rb8 Ra7 68. Rb6 Rd7+ 69. Ke8 Nxe4 70. Kf8 f5 71. Rb8 Nf6 0-1